Normal view
MARC view
Entry Topical Term
001 - CONTROL NUMBER
- control field: 61948
003 - CONTROL NUMBER IDENTIFIER
- control field: dpl
005 - DATE AND TIME OF LATEST TRANSACTION
- control field: 20240212152119.0
008 - FIXED-LENGTH DATA ELEMENTS
- fixed length control field: 240212|| aca||aabn | a|a d
040 ## - CATALOGING SOURCE
- Original cataloging agency: dpl
- Transcribing agency: dpl
150 ## - HEADING--TOPICAL TERM
- Topical term or geographic name as entry element: School management and organization
- Geographic subdivision: India
- Form subdivision: Periodicals
670 ## - SOURCE DATA FOUND
- Source citation: Work cat.: (dpl)25660: Journal of educational planning and administration, 1986-
